000 00929cam a22003133a 4500
001 11323
003 PGUSA
005 20140828083235.0
008 040201s2004||||xxu|||||s|||||000 1 eng d
040 _aPGUSA
_beng
042 _adc
050 4 _aPR
100 1 _aGodwin, William,
_d1756-1836
245 1 0 _aCaleb Williams; Or, Things as They Are
_h[electronic resource] /
_cWilliam Godwin
260 _bProject Gutenberg,
_c2004
506 _aPublic domain in the USA.
516 _aElectronic text
653 _aMaster and servant -- Fiction
653 _aExecutions and executioners -- Fiction
653 _aBildungsromans
653 _aFalse imprisonment -- Fiction
653 _aYoung men -- Fiction
653 _aDidactic fiction
653 _aMurderers -- Fiction
653 _aEngland -- Fiction
830 0 _aProject Gutenberg
_v11323
856 4 0 _uhttp://www.gutenberg.org/ebooks/11323
942 _cEB
999 _c240578
_d240578